000 00618nam a2200205Ii 4500
003 JO-AjNU
008 230606s9999||||xx |||||||||||||| ||und||
020 _a0-460-006004-5/0460-01604-0
040 _aJO-AjNU
_beng
_erda
_cJO-AjNU
041 _aeng
050 1 4 _aPR1266 .R47 1976
100 3 _aLawrence , Robert G,
_eauthor
_95425
245 0 0 _aRestoration plays
264 3 1 _aLondon : Dent , 1976
300 _a550p
336 _atext
_btxt
_2rdacontent
337 _aunmediated
_bn
_2rdamedia
338 _avolume
_bnc
_2rdacarrier
650 4 _a English drama -- Restoration (1650-1700) -- Collections 
_95426
999 _aE2801
_c2799
_d2799